| 000 | 00529nam a2200169 i 4500 | ||
|---|---|---|---|
| 001 | 57848 | ||
| 003 | ES-MaACL | ||
| 005 | 20230906163649.0 | ||
| 007 | t| | ||
| 008 | 031020s1953 sp ||||1| spa d | ||
| 100 | 1 |
_aDonapétry Yribarnégaray, Juan. _945289 |
|
| 245 | 1 | 0 |
_aHistoria de Vivero y su concejo / _cpor Juan Donapétry Yribarnégaray. |
| 260 |
_aVivero (Lugo) : _b[s.n., _c1953] ( _fArt. Gráf. Santiago) |
||
| 300 |
_a502 p. ; _c25 cm. |
||
| 651 | 4 |
_aVivero- _xHistoria. _9157554 |
|
| 852 |
_aES-MaACL _jD-9093 _bR.34326 |
||
| 999 |
_c57848 _d57848 |
||